|
|
|
|
| LEADER |
01745cas a2200241 a 4500 |
| 001 |
AALejournalIMF013193 |
| 008 |
230101c9999 xx r poo 0 0eng d |
| 020 |
|
|
|c 5.00 USD
|
| 020 |
|
|
|z 9781589069794
|
| 022 |
|
|
|a 1934-7685
|
| 040 |
|
|
|a BD-DhAAL
|c BD-DhAAL
|
| 110 |
2 |
|
|a International Monetary Fund.
|
| 245 |
1 |
0 |
|a Australia :
|b Insurance Core Principles-Detailed Assessment of Observance.
|
| 264 |
|
1 |
|a Washington, D.C. :
|b International Monetary Fund,
|c 2012.
|
| 300 |
|
|
|a 1 online resource (137 pages)
|
| 490 |
1 |
|
|a IMF Staff Country Reports
|
| 500 |
|
|
|a <strong>Off-Campus Access:</strong> No User ID or Password Required
|
| 500 |
|
|
|a <strong>On-Campus Access:</strong> No User ID or Password Required
|
| 506 |
|
|
|a Electronic access restricted to authorized BRAC University faculty, staff and students
|
| 520 |
3 |
|
|a The insurance industry in Australia has weathered the global financial crisis well and was resilient to the catastrophic events in 2010/11. The insurance industry is mature but relatively small compared to the banking sector. Assets held by insurers represented only about 8 percent of the financial system total assets as at end-2011. Since 2007, the insurance market has been consolidating steadily as the total number of players fell from 190 to 172 although branches of foreign-owned general insurers rose from 36 to 43. The industry was comprised of 24 life insurers, 108 general insurers, 19 reinsurers, 7 captive general insurers and 14 friendly societies as at end-June 2011.
|
| 538 |
|
|
|a Mode of access: Internet
|
| 830 |
|
0 |
|a IMF Staff Country Reports; Country Report ;
|v No. 2012/312
|
| 856 |
4 |
0 |
|z Full text available on IMF
|u http://elibrary.imf.org/view/journals/002/2012/312/002.2012.issue-312-en.xml
|z IMF e-Library
|